Countries A-Z with Largest Meat Consumption - Statistics

General Stats
  • This quiz has been taken 64 times
  • The average score is 19 of 24
Answer Stats
Letter kg/person Country % Correct
O 43.34 Oman
98%
Q 90.5 (2002) Qatar
98%
Y 16.86 Yemen
98%
Z 17.67 Zimbabwe
96%
U 124.11 United States
95%
A 121.61 Australia
93%
D 70.83 Denmark
93%
F 83.05 France
93%
R 87.81 Russia
93%
E 63.64 Estonia
89%
P 94.07 Portugal
89%
G 87.79 Germany
87%
J 58.97 Jamaica
87%
H 79.73 Hungary
82%
V 63.34 Vietnam
82%
S 100.26 Spain
75%
N 100.90 New Zealand
73%
I 97.02 Israel
71%
L 81.28 Lithuania
69%
C 83.17 Chile
67%
B 81.47 Belarus
62%
K 67.12 Kuwait
58%
M 88.38 Mongolia
56%
T 77.57 Taiwan
44%
No matching quizzes found
Score Distribution
Percent of People with Each Score
Percentile by Number Answered
Your Score History
You have not taken this quiz